LDR 00644naa#a2200169#i#450# 001 EN\\bibl\121771 005 20260702033422.4 011 ## _a2073-0454 100 ## _a20260226b2026####ek#y0engy0150####ca 102 ## _aRU 200 1# _aClassifications of criminal situations that develop when committing illegal actions with narcotic drugs _eJournal article 210 1# _aMoscow _cMoscow University of the Ministry of Internal Affairs of Russia named after V.Ya. Kikot _d2026 215 ## _a3 с. 608 ## _aJournal article _2local 675 ## _aПраво. Юридические науки. 34 _z 700 #1 _aChistova _gLyubov' Evgen'evna 856 4# _amosumvd.editorum.ru _u